Governments Of The Future In The ICT Era (Record no. 216854)

MARC details
000 -LEADER
fixed length control field 00457nam a2200169Ia 4500
008 - FIXED-LENGTH DATA ELEMENTS--GENERAL INFORMATION
fixed length control field 230714s9999 xx 000 0 und d
020 ## - INTERNATIONAL STANDARD BOOK NUMBER
International Standard Book Number 9790000000000
041 ## - LANGUAGE CODE
Language code of text/sound track or separate title eng
082 ## - DEWEY DECIMAL CLASSIFICATION NUMBER
Classification number 004.6
Item number SAX
100 ## - MAIN ENTRY--PERSONAL NAME
Personal name Saxena R.P.
9 (RLIN) 198457
245 ## - TITLE STATEMENT
Title Governments Of The Future In The ICT Era
260 ## - PUBLICATION, DISTRIBUTION, ETC. (IMPRINT)
Date of publication, distribution, etc. 2015
Name of publisher, distributor, etc. SPD
300 ## - PHYSICAL DESCRIPTION
Extent 372
365 ## - TRADE PRICE
Currency code Rs.
Price amount 650.00
700 ## - ADDED ENTRY--PERSONAL NAME
Personal name Saxena R.P.
9 (RLIN) 198457
906 ## - LOCAL DATA ELEMENT F, LDF (RLIN)
d O:0487120-Jan-2016B:SE/SI/264913-Oct-2015
c IT
b 325

No items available.